000 01076nam a22003617a 4500
003 CHAP
005 20220329141627.0
008 971013s1972 r 00010 d
010 _a71257
011 _a72229
035 _a81783
040 _cCHAP
082 _a631.4
_bD3 1975
100 0 0 _aDavies, D. Bryan.
_931203
245 _aSoil management
250 _a2 ed.
260 _aSuffolk, England :
_bFarming,
_c1972
300 _a254 p.
_b: ilus.
490 _aA farming press book
590 _aBATCH-UPD
_b10
_c20130110
_lUCH01
_h0507
590 _aBATCH-UPD
_b10
_c20130110
_lUCH01
_h2237
590 _aBATCH-UPD
_b10
_c20130410
_lUCH01
_h0145
590 _aBATCH-UPD
_b10
_c20130914
_lUCH01
_h1226
590 _aCONVERSION
_b10
_c20130109
_lUCH01
_h1339
650 1 4 _aSuelos agrícolas.
_9110531
650 1 4 _aSuelos.
_9110191
700 0 _aEagle, D. J.
_934980
700 0 _aFinney, J. Brian.
_941019
830 0 _aA farming press book
_968
901 _aBK
942 _cLIBRO
949 _a631.4 D3 1975
_bBC
_cLIBRO
_d33724000061354
_eLIBRO
_h34451
_i81783
_si
_t158.00
999 _c71257
_d71257